| 000 | 00602nam a22001937a 4500 | ||
|---|---|---|---|
| 999 |
_c61293 _d61293 |
||
| 005 | 20240130112528.0 | ||
| 008 | 240130s2002en xxu||||| |||| 00| 0 eng d | ||
| 020 | _a9781849830409 | ||
| 041 | _aeng | ||
| 080 | _a005.9 A-29 | ||
| 100 |
_aAaker, David A (Author) _921153 |
||
| 245 |
_aBuilding Strong Brands / _c David A. Aaker |
||
| 264 |
_aLondon: _bPocket Books, _c2010. |
||
| 300 |
_a380 p; _b19 cm. |
||
| 653 | _aBuilding Strong Brands | ||
| 653 | _aძლიერი ბრენდების აშენება | ||
| 653 | _aმენჯმენტი | ||
| 942 |
_2udc _cᲬᲘᲒᲜᲘ |
||